000 00822cab a2200217 4500
001 WB2825-20
008 090401t1992 xxu||||| |||| 00| 0 eng d
035 _a(Sirsi) u43791
041 _aeng
245 _a1954 Act hearings
260 _c1992
350 _a0
490 _aEstates Gazette
_v(9224) 20 June 1992, 141(1)
520 _aDiscusses a recent CA decision "Miah v Bromley Park Garden Estates Ltd" concerning an application under Part II of the 1954 Landlord and Tenant Act in which the CA ordered a rehearing of the original case as the tenant had not had any legal representation.
650 _aLANDLORD AND TENANT ACT 1954 PART II
650 _aMIAH V BROMLEY PARK GARDEN ESTATES LTD
650 _aREHEARING
690 _aLANDLORD AND TENANT-BUSINESS TENANCIES
942 _n0
948 _c04/03/1997
999 _c27912
_d27912